00757 2200289 4500001002100000005001500021035002000036007000300056008004100059020002200100082001100122084001700133100002400150245007900174250001000253300002900263650001000292264003100302336002100333337003000354338002300384990001200407990001200419990001200431990001200443990001200455INLIS00000000000005620230706112833 a0010-0723000032ta230706 0  a978-602-8800-63-1 a621.43 a621.43 DAR p0 aDaryantoePengarang1 aPrinsip Dasar Mesin Otomotif :bBekal Keterampilan Bagi Pemula /cDaryanto acet 1 a310 hal :bilus ;c24 cm 4amesin aBandung :bAlfabeta,c2011 2rdacontentateks 2rdamediaatanpa perantara 2rdacarrieravolume a17.0076 a17.0113 a17.0114 a17.0115 a17.0116